Využitie deskriptívnych teórií rozhodovania v riadení podniku bakalárska práca

Enregistré dans:
Détails bibliographiques
Auteur principal: Kaiserová, Kristína
Collectivité auteur: Fakulta podnikového manažmentu EU. Katedra manažmentu
Autres auteurs: Remeňová, Katarína, 1982-
Format: Livre
Langue:slovaque
Publié: Bratislava 2020
Tags: Ajouter un tag
Pas de tags, Soyez le premier à ajouter un tag!

MARC

LEADER 00000nbm a2200000 4500
001 0266112
005 20201127095626.6
041 0 |a slo 
044 |a SK 
245 1 0 |a Využitie deskriptívnych teórií rozhodovania v riadení podniku  |b bakalárska práca  |c Kristína Kaiserová ; školiteľ: Katarína Remeňová 
264 1 |a Bratislava  |c 2020 
300 |a 45 s. 
100 1 |a Kaiserová, Kristína 
700 1 |a Remeňová, Katarína, 1982- 
710 2 |a Fakulta podnikového manažmentu EU. Katedra manažmentu